50 najwazniejszych problemów zarzadzania

Salvato in:
Dettagli Bibliografici
Autore principale: Ward, Michael
Altri autori: Stobierski, Andrzej
Natura: Libro
Lingua:polacco
Pubblicazione: Kraków Wydawnictwo Profesjonalnej Szkoly Biznesu 1997
Serie:Biblioteka menedzera
Soggetti:
Tags: Aggiungi Tag
Nessun Tag, puoi essere il primo ad aggiungerne!!

MARC

LEADER 00000nam a2200000 4500
001 c117712
005 20221124074413.5
020 |a 83-85441-69-7 
041 0 |a pol 
044 |a PL 
245 1 0 |a 50 najwazniejszych problemów zarzadzania  |c Michael Ward ; Przelozyl: Andrzej Stobierski 
264 1 |a Kraków  |b Wydawnictwo Profesjonalnej Szkoly Biznesu  |c 1997 
300 |a 198 s. 
490 1 |a Biblioteka menedzera 
830 0 |a Biblioteka menedzera 
610 2 0 |a riadenie 
610 2 0 |a manažment 
610 2 0 |a pracovníci riadiaci 
610 2 0 |a manažéri 
610 2 0 |a marketing 
610 2 0 |a produkty 
610 2 0 |a trh 
610 2 0 |a cechy 
610 2 0 |a ceny 
610 2 0 |a financie 
610 2 0 |a bilancie 
610 2 0 |a účty 
610 2 0 |a zisk 
610 2 0 |a strata 
610 2 0 |a rozpočty 
610 2 0 |a kontrola 
610 2 0 |a rentabilita 
610 2 0 |a rozhodovanie 
610 2 0 |a riadenie podnikové 
610 2 0 |a motivácia 
610 2 0 |a konflikty 
610 2 0 |a zdroje ľudské 
610 2 0 |a organizácia 
610 2 0 |a kultúra 
610 2 0 |a analýzy 
100 1 |a Ward, Michael 
700 1 |a Stobierski, Andrzej